Top 50 Scorers in the Top 5 Leagues of the 2010s - Statistics

General Stats
  • This quiz has been taken 543 times
    442 since last reset
  • The average score is 43 of 52
Answer Stats
# G Club(s) Country Player % Correct
2 335 Real Madrid & Juventus Cristiano Ronaldo
100%
1 369 FC Barcelona Lionel Messi
100%
4 221 Borussia Dortmund & Bayern Munich Robert Lewandowski
99%
3 223 Palermo, SSC Napoli & Paris Saint-Germain Edinson Cavani
98%
5 210 Liverpool & FC Barcelona Luis Suárez
98%
6 199 Atlético Madrid & Manchester City Sergio Agüero
98%
8 183 Lille OSC, AS Monaco, AS Saint-Etienne, Borussia Dortmund & Arsenal Pierre-Emerick Aubameyang
97%
9 177 FC Barcelona, AC Milan, Paris Saint-Germain & Manchester United Zlatan Ibrahimović
97%
12 141 Real Sociedad, Atlético Madrid & FC Barcelona Antoine Griezmann
96%
7 191 Real Madrid, SSC Napoli, Juventus, AC Milan & Chelsea Gonzalo Higuaín
96%
10 155 Real Madrid Karim Benzema
96%
20 121 Tottenham Hotspur & Real Madrid Gareth Bale
95%
13 136 Tottenham Hotspur Harry Kane
95%
16 125 West Bromwich Albion, Everton, Manchester United & Inter Milan Romelu Lukaku
95%
11 144 VfL Wolfsburg, Manchester City & AS Roma Edin Džeko
94%
25 116 Lille OSC, Chelsea & Real Madrid Eden Hazard
93%
34 100 Chelsea, ACF Fiorentina, AS Roma & Liverpool Mohamed Salah
93%
31 110 FC Barcelona & Paris Saint-Germain Neymar
93%
22 120 Udinese, FC Barcelona, Arsenal, Manchester United & Inter Milan Alexis Sánchez
92%
49 88 Hamburger SV, Bayer 04 Leverkusen & Tottenham Hotspur Heung-min Son
91%
26 114 Manchester United & Everton Wayne Rooney
91%
18 122 Borussia Mönchengladbach & Borussia Dortmund Marco Reus
90%
18 122 Atlético Madrid, AS Monaco, Manchester United & Chelsea Radamel Falcao
90%
35 98 Arsenal & Manchester United Robin van Persie
90%
33 107 Bayern Munich Thomas Müller
90%
14 132 Olympique Lyonnais & Arsenal Alexandre Lacazette
89%
37 97 Leicester City Jamie Vardy
89%
30 111 Montpellier HSC, Arsenal & Chelsea Olivier Giroud
88%
20 121 Genoa, Torino FC, Borussia Dortmund, Sevilla & SS Lazio Ciro Immobile
87%
41 95 Bayern Munich Arjen Robben
86%
45 92 Hoffenheim 1899 & Liverpool Roberto Firmino
85%
38 96 WfL Wolfsburg, Bayern Munich, Atlético Madrid & Juventus Mario Mandzukić
84%
49 88 SSC Napoli Dries Mertens
82%
48 89 Manchester United, Real Madrid, Bayer 04 Leverkusen, West Ham United & Sevilla Javier Hernández
82%
35 98 Inter Milan, Manchester City, AC Milan, Liverpool, OGC Nice, Olympique Marseille & Brescia Mario Balotelli
82%
15 130 UC Sampdoria, Inter Milan & Paris Saint-Germain Mauro Icardi
81%
26 114 Real Valladolid, Atlético Madrid, Rayo Vallecano & Chelsea Diego Costa
77%
29 112 Bayern Munich, AFC Fiorentina, VfL Wolfsburg & VfB Stuttgart Mario Gómez
76%
16 125 Udinese Antonio Di Natale
75%
49 88 Manchester City & Juventus Carlos Tévez
73%
38 96 Celta Vigo & Sevilla Iago Aspas
72%
26 114 Toulouse, Sevilla & AS Monaco Wissam Ben Yedder
69%
38 96 Athletic Bilbao, Juventus, Sevilla, Swansea City, Tottenham Hotspur & SSC Napoli Fernando Llorente
64%
42 94 Sevilla, Manchester City, Valencia & Middlesbrough Álvaro Negredo
57%
42 94 Chelsea, Lille OSC & Hertha BSC Salomon Kalou
57%
23 118 RCD Mallorca, Valencia & Athletic Bilbao Aritz Aduriz
56%
23 118 FC Lorient, Paris Saint-Germain, Sevilla, Atlético Madrid & Valencia Kévin Gameiro
56%
32 109 SSC Napoli, Juventus, Torino FC & UC Sampdoria Fabio Quagliarella
54%
47 90 Bayer 04 Leverkusen Stefan Kießling
47%
49 88 FC Girondins de Bordeaux, Bastia, Hoffenheim 1899 & 1. FC Köln Anthony Modeste
44%
46 91 Olympique Lyonnais, Swansea City & Olympique Marseille Bafétimbi Gomis
44%
44 93 Hoffenheim 1899, VfB Stuttgart & Hertha BSC Vedad Ibisević
34%
No matching quizzes found
Score Distribution
Percent of People with Each Score
Percentile by Number Answered
Your Score History
You have not taken this quiz since the last reset